Statistiken für Alle Pokémon mit "A"

Klicken Sie hier um das Quiz zu spielen!

Allgemein

  • Dieses Quiz wurde 685 mal gespielt
    (675 seit der letzten Aktualisierung)
  • Das Durchschnittsergebnis liegt bei 20 aus 39

Antwortstatistiken

Gen.#Antwort% Korrekt
1144Arktos
90%
1024Arbok
83%
1138Amonitas
81%
1139Amoroso
80%
1063Abra
78%
1142Aerodactyl
75%
1134Aquana
74%
1059Arkani
72%
1091Austos
72%
1093Alpollo
62%
3367Aalabyss
58%
2181Ampharos
58%
4493Arceus
57%
2168Ariados
56%
4424Ambidiffel
51%
3348Armaldo
51%
3347Anorith
50%
2184Azumarill
50%
3298Azurill
46%
7723Arboretoss
45%
3359Absol
44%
5503Admurai
42%
3334Altaria
42%
7752Aranestro
42%
7751Araqua
41%
6713Arktilas
41%
6712Arktip
41%
7773Amigento
40%
6657Amphizel
40%
6699Amagarga
39%
6698Amarino
39%
7737Akkup
38%
7793Anego
38%
6690Algitt
34%
5593Apoquallyp
34%
5567Aeropteryx
33%
7758Amfira
33%
7804Agoyon
32%
7748Aggrostella
28%

Verteilung der Resultate

Perzentil nach korrekt beantworteten Fragen

Anzahl Personen mit jedem Resultat

Ihre Resultats-Entwicklung

Sie haben dieses Quiz seit der letzten Aktualisierung nicht gespielt